[Event "World Senior 65+ 2014"]
[Site "Katerini GRE"]
[Date "2014.11.02"]
[Round "9.12"]
[White "Morriss, Pete"]
[Black "Gergel, Vladimir P"]
[Result "0-1"]
[BlackTitle "FM"]
[WhiteElo "2032"]
[BlackElo "2202"]
[WhiteFideId "2500230"]
[BlackFideId "14100550"]
[EventDate "2014.10.24"]

1. b4 c6 2. e3 Qb6 3. a3 a5 4. b5 Nf6 5. Nf3 d5 6. c4 Bg4 7. Bb2 Nbd7 8. Nc3 e6
9. d4 dxc4 10. Bxc4 c5 11. Qb3 Be7 12. O-O O-O 13. Rac1 cxd4 14. Na4 Qd6 15.
Nxd4 Ne5 16. f3 Nxc4 17. Qxc4 Bh5 18. Rfd1 Qe5 19. Re1 Bd6 20. g3 Qd5 21. Nb6
Qxc4 22. Rxc4 Rad8 23. e4 Be5 24. f4 Bb8 25. Bc3 e5 26. Nf5 exf4 27. e5 Nd7 28.
Nxd7 Rxd7 29. gxf4 Bg4 30. Nd4 Ba7 31. Kg2 Rfd8 32. Nc2 Be6 33. Rce4 Bd5 34.
Bxa5 Bxe4+ 35. Rxe4 b6 36. Bb4 Rd2+ 37. Bxd2 Rxd2+ 38. Kg1 Rxc2 39. Rd4 Rc8 40.
Rd7 Bb8 41. Kf2 Kf8 42. Ke3 Bc7 43. Ke4 Bd8 44. f5 Be7 45. a4 Rc4+ 46. Kd5 Rc5+
47. Ke4 Rc4+ 48. Kd5 Rxa4 49. Rb7 Bd8 50. e6 fxe6+ 51. fxe6 Rf4 52. Rd7 Be7 53.
Rb7 Rf5+ 54. Kc6 Bc5 55. Rb8+ Ke7 56. Rb7+ Kf6 57. Rf7+ Kxe6 58. Rxg7 Rh5 59.
Rg2 Ke5 60. Re2+ Kf4 0-1

[Event "World Senior 65+ 2014"]
[Site "Katerini GRE"]
[Date "2014.11.02"]
[Round "9.13"]
[White "Klundt, Klaus"]
[Black "Reynolds, D Ian W"]
[Result "1-0"]
[WhiteTitle "IM"]
[WhiteElo "2325"]
[BlackElo "2006"]
[WhiteFideId "4600436"]
[BlackFideId "410705"]
[EventDate "2014.10.24"]

1. e4 e5 2. Nf3 Nc6 3. Bb5 a6 4. Ba4 Nf6 5. O-O Be7 6. Re1 b5 7. Bb3 O-O 8. d4
d6 9. c3 Bg4 10. d5 Na5 11. Bc2 c6 12. h3 Bd7 13. Nxe5 dxe5 14. d6 Nc4 15. dxe7
Qxe7 16. b3 Nb6 17. Be3 Rab8 18. Nd2 Rfd8 19. Qe2 Be8 20. a4 Qc7 21. b4 Nxa4 22.
Bxa4 bxa4 23. Bc5 Nd7 24. Nc4 Nxc5 25. bxc5 Rb5 26. Qe3 Qa7 27. Nd6 Qxc5 28.
Qxc5 Rxc5 29. Nb7 1-0

[Event "World Senior 65+ 2014"]
[Site "Katerini GRE"]
[Date "2014.11.02"]
[Round "9.14"]
[White "Filipenko, Alexander V"]
[Black "Batakovs, Olegs"]
[Result "1-0"]
[WhiteTitle "IM"]
[WhiteElo "2292"]
[BlackElo "2098"]
[WhiteFideId "4104471"]
[BlackFideId "11600888"]
[EventDate "2014.10.24"]

1. d4 Nf6 2. c4 g6 3. Nc3 Bg7 4. e4 d6 5. Bg5 O-O 6. Qd2 c5 7. d5 Re8 8. Bd3 a6
9. a4 a5 10. h3 Na6 11. Rd1 Nb4 12. Bb1 Bd7 13. Nge2 Qc7 14. O-O Rad8 15. Ng3
Bc8 16. Bh6 Bh8 17. f4 Nd7 18. Kh1 Bg7 19. Bxg7 Kxg7 20. Nb5 Qb8 21. Qc3+ Kg8
22. Rfe1 f6 23. b3 b6 24. Qe3 Ba6 25. Nc3 Bc8 26. Nf1 Rf8 27. Nh2 Rf7 28. Re2
Rdf8 29. Rde1 Kg7 30. Qg3 Na6 31. Qh4 Nc7 32. Ng4 h5 33. Nh2 Rg8 34. Nf3 Rgf8
35. Qg3 Rg8 36. e5 dxe5 37. fxe5 Nxe5 38. Nxe5 fxe5 39. Qxg6+ Kf8 40. Qxh5 Ne8
41. Bg6 Nf6 42. Qh6+ Rfg7 43. Rxe5 Qd6 44. Nb5 Qd8 45. g4 Bxg4 46. hxg4 Nxg4 47.
Qf4+ 1-0

[Event "World Senior 65+ 2014"]
[Site "Katerini GRE"]
[Date "2014.11.02"]
[Round "9.15"]
[White "Skalkotas, Nikolaos"]
[Black "Singer, Hans"]
[Result "1/2-1/2"]
[WhiteTitle "IM"]
[BlackTitle "FM"]
[WhiteElo "2150"]
[BlackElo "2207"]
[WhiteFideId "4200144"]
[BlackFideId "1600800"]
[EventDate "2014.10.24"]

1. d4 d5 2. Nf3 Nf6 3. c4 e6 4. g3 c6 5. Qb3 Be7 6. Nc3 O-O 7. Bg2 b6 8. O-O Bb7
9. Bg5 Nbd7 10. Rfd1 Qb8 11. e4 dxe4 12. Nxe4 Qd8 13. Ne5 Nxe4 14. Bxe7 Qxe7 15.
Bxe4 Nxe5 16. dxe5 Rfd8 17. Qe3 Rxd1+ 18. Rxd1 Rd8 19. Rd4 Kf8 20. c5 Rxd4 21.
Qxd4 bxc5 22. Qa4 Qc7 23. Qd1 g6 24. f4 Qb6 25. Qd2 c4+ 26. Qf2 Ke7 27. g4 f6
28. exf6+ Kxf6 29. g5+ Kf7 30. Qxb6 axb6 31. Kf2 e5 32. f5 gxf5 33. Bxf5 Kg7 34.
Be4 h6 35. h4 hxg5 36. hxg5 Bc8 37. Bxc6 Kg6 38. Bd5 Kxg5 39. Bxc4 1/2-1/2

[Event "World Senior 65+ 2014"]
[Site "Katerini GRE"]
[Date "2014.11.02"]
[Round "9.16"]
[White "Harding, Tim D"]
[Black "Hohler, Peter"]
[Result "1/2-1/2"]
[BlackTitle "FM"]
[WhiteElo "2095"]
[BlackElo "2187"]
[WhiteFideId "2500256"]
[BlackFideId "1300296"]
[EventDate "2014.10.24"]

1. d4 Nf6 2. c4 e6 3. g3 d5 4. Nf3 Bb4+ 5. Bd2 Be7 6. Bg2 O-O 7. Qc2 c6 8. O-O
b6 9. cxd5 cxd5 10. Nc3 Bb7 11. Bf4 Nc6 12. Rad1 Rc8 13. Ne5 1/2-1/2

[Event "World Senior 65+ 2014"]
[Site "Katerini GRE"]
[Date "2014.11.02"]
[Round "9.17"]
[White "Baeta, Marcio Netto"]
[Black "Bibilashvili, Giorgi"]
[Result "0-1"]
[WhiteElo "2074"]
[BlackElo "2169"]
[WhiteFideId "2112744"]
[BlackFideId "13601873"]
[EventDate "2014.10.24"]

1. e4 c5 2. Nf3 Nf6 3. e5 Nd5 4. d4 cxd4 5. Qxd4 e6 6. c4 Nb4 7. Qe4 N8a6 8. Nc3
Nc5 9. Qb1 a5 10. a3 Nc6 11. b3 d6 12. exd6 Bxd6 13. Be2 Qf6 14. Nb5 Bb8 15. Bb2
Qg6 16. Qxg6 hxg6 17. Bxg7 Rg8 18. Bf6 Nxb3 19. Rd1 Nc5 20. Nd6+ Bxd6 21. Rxd6
Ne4 22. Be5 0-1

[Event "World Senior 65+ 2014"]
[Site "Katerini GRE"]
[Date "2014.11.02"]
[Round "9.18"]
[White "Titz, Heimo"]
[Black "Lelis, Janis"]
[Result "1-0"]
[WhiteTitle "FM"]
[WhiteElo "2158"]
[BlackElo "1846"]
[WhiteFideId "1601520"]
[BlackFideId "11604328"]
[EventDate "2014.10.24"]

1. c4 e5 2. Nc3 a6 3. g3 f5 4. Bg2 Nf6 5. Nf3 Nc6 6. O-O Bc5 7. Nxe5 Nxe5 8. d4
Bd6 9. dxe5 Bxe5 10. Qc2 Bxc3 11. Qxc3 O-O 12. b3 d6 13. Bb2 Ne8 14. Rad1 Qf6
15. Qc2 Qg6 16. Rd4 Rb8 17. Rfd1 b6 18. Bc6 Bb7 19. Bxb7 Rxb7 20. Rf4 c5 21. Qd3
Re7 22. Rd2 Qe6 23. h4 h6 24. h5 Ref7 25. Qd5 Qxd5 26. Rxd5 Kh7 27. Kg2 g6 28.
hxg6+ Kxg6 29. f3 h5 30. Kf2 b5 31. Bc3 b4 32. Bb2 a5 33. Rd1 Rd7 34. e4 Rff7
35. exf5+ Rxf5 36. Rxf5 Kxf5 37. Rd5+ Kg6 38. Bc1 Nf6 39. Rg5+ Kf7 40. Bb2 d5
41. cxd5 Rxd5 42. Bxf6 Rd2+ 43. Ke3 Kxf6 44. Kxd2 Kxg5 45. Kd3 1-0

[Event "World Senior 65+ 2014"]
[Site "Katerini GRE"]
[Date "2014.11.02"]
[Round "9.19"]
[White "Gruzmann, Boris"]
[Black "Bondar, Leonid"]
[Result "1/2-1/2"]
[WhiteTitle "FM"]
[WhiteElo "2246"]
[BlackElo "2061"]
[WhiteFideId "4105290"]
[BlackFideId "2006227"]
[EventDate "2014.10.24"]

1. e4 c6 2. d4 d5 3. e5 Bf5 4. h4 h6 5. g4 Be4 6. f3 Bh7 7. e6 fxe6 8. Bd3 g6 9.
c3 Qd6 10. f4 Nf6 11. Qf3 Nbd7 12. Ne2 Bg7 13. Be3 O-O-O 14. Nd2 Rdf8 15. b4 h5
16. g5 Ng4 17. O-O e5 18. Qh3 1/2-1/2

[Event "World Senior 65+ 2014"]
[Site "Katerini GRE"]
[Date "2014.11.02"]
[Round "9.20"]
[White "Vogel, Jaap"]
[Black "Koryabkin, Valery"]
[Result "1-0"]
[WhiteTitle "FM"]
[WhiteElo "2239"]
[BlackElo "2072"]
[WhiteFideId "1000764"]
[BlackFideId "24113115"]
[EventDate "2014.10.24"]

1. d4 d5 2. Nf3 Nf6 3. c4 e6 4. g3 c6 5. Bg2 Bb4+ 6. Bd2 Bxd2+ 7. Nbxd2 O-O 8.
O-O Nbd7 9. Qc2 Qc7 10. Rac1 Re8 11. Rfe1 h6 12. a3 Qd6 13. e4 dxe4 14. Nxe4
Nxe4 15. Qxe4 c5 16. Red1 cxd4 17. Rxd4 Qb6 18. b4 a5 19. c5 Qc7 20. Qe3 axb4
21. axb4 Nf6 22. Qe5 Qc6 23. Nd2 Qb5 24. Bf1 Qa4 25. b5 Qa3 26. Qe1 Ra4 27. Rxa4
Qxa4 28. Nc4 Rd8 29. Nb6 Qd4 30. Bg2 g6 31. Bf3 Rf8 32. Qd1 Qb2 33. Be2 Ne4 34.
Qc2 Qd4 35. Bd3 Nxf2 36. Qxf2 Qxd3 37. c6 Qxb5 38. c7 e5 39. Qe3 e4 40. Qd4 Qe2
41. Nd5 f5 42. Ne7+ Kf7 43. Nxc8 1-0

[Event "World Senior 65+ 2014"]
[Site "Katerini GRE"]
[Date "2014.11.02"]
[Round "9.21"]
[White "Doubleday, William G."]
[Black "Malmdin, Nils-Ake"]
[Result "1-0"]
[BlackTitle "FM"]
[WhiteElo "2057"]
[BlackElo "2208"]
[WhiteFideId "2682419"]
[BlackFideId "1701584"]
[EventDate "2014.10.24"]

1. d4 Nf6 2. c4 e6 3. Nc3 Bb4 4. e3 O-O 5. Ne2 b5 6. a3 Bxc3+ 7. Nxc3 bxc4 8.
Bxc4 Bb7 9. O-O Ne4 10. Bd3 d5 11. f3 Nd6 12. Qe2 a5 13. Bd2 a4 14. Nb5 Nc8 15.
Bb4 Re8 16. Qc2 c6 17. Nc3 g6 18. Nxa4 Ba6 19. Nc5 Bxd3 20. Qxd3 Qb6 21. Rfc1
Nd6 22. b3 Nc8 23. Kh1 Na7 24. Be1 Qb5 25. Qxb5 cxb5 26. a4 Nbc6 27. Kg1 e5 28.
Nd7 bxa4 29. Nf6+ Kg7 30. Nxe8+ Rxe8 31. Rxa4 exd4 32. exd4 Re3 33. b4 Nb5 34.
Kf2 Re6 35. Ra6 Ncxd4 36. Rxe6 Nxe6 37. Ke3 Nd6 38. Bc3+ f6 39. g3 d4+ 40. Bxd4
Nf5+ 41. Ke4 Nfxd4 42. Kd5 Kf7 43. Rc4 Nxf3 44. b5 Ne5 45. Rc8 Ke7 46. b6 Nd7
47. b7 Nef8 48. Rc7 Ke8 49. Kd6 h5 50. Rc8+ Kf7 51. Rxf8+ 1-0

[Event "World Senior 65+ 2014"]
[Site "Katerini GRE"]
[Date "2014.11.02"]
[Round "9.22"]
[White "Agzamov, Valeriy"]
[Black "Borwell, Alan P"]
[Result "1/2-1/2"]
[WhiteElo "2191"]
[BlackElo "2032"]
[WhiteFideId "14200449"]
[BlackFideId "2402335"]
[EventDate "2014.10.24"]

1. e4 c5 2. Nf3 a6 3. c3 e6 4. d4 cxd4 5. cxd4 d5 6. e5 Bd7 7. Nc3 Bb4 8. Bd3
Ne7 9. O-O Bxc3 10. bxc3 Bb5 11. Ba3 Nbc6 12. Re1 Qa5 13. Bb2 Bxd3 14. Qxd3 Qb5 1/2-1/2

[Event "World Senior 65+ 2014"]
[Site "Katerini GRE"]
[Date "2014.11.02"]
[Round "9.23"]
[White "Archangelsky, Mikhail"]
[Black "Andreas, Guenter"]
[Result "1-0"]
[WhiteTitle "IM"]
[WhiteElo "2149"]
[BlackElo "1992"]
[WhiteFideId "4117573"]
[BlackFideId "24625760"]
[EventDate "2014.10.24"]

1. Nf3 f5 2. g3 d5 3. Bg2 Nf6 4. O-O g6 5. b3 Bg7 6. Bb2 O-O 7. c4 e6 8. Na3 c6
9. Nc2 Re8 10. d4 Nbd7 11. e3 Ne4 12. Nce1 Ng5 13. Nd3 Nxf3+ 14. Qxf3 Nf6 15.
Rfd1 Ne4 16. Qe2 Nd6 17. Rac1 Bd7 18. f3 Rc8 19. e4 b6 20. e5 Nb7 21. c5 b5 22.
Rc2 Rf8 23. Bc1 g5 24. Bd2 Ra8 25. Qe1 a5 26. a3 a4 27. b4 Rf7 28. Be3 Bf8 29.
Qd2 Be7 30. Kf2 Rg7 31. f4 g4 32. Rh1 Qe8 33. Ke2 Qg6 34. Bf2 Kf7 35. Rcc1 h5
36. Rcg1 Rh8 37. Qe1 Rgh7 38. Kd2 Ke8 39. h3 Kd8 40. hxg4 hxg4 41. Rxh7 Rxh7 42.
Rh1 Be8 43. Qg1 Kc7 44. Rh2 Rxh2 45. Qxh2 Qh5 46. Qxh5 Bxh5 47. Ne1 Nd8 48. Nc2
Bg6 49. Ne3 Bh7 50. Bf1 Bg6 51. Bd3 Bf7 52. Ke2 Bg6 53. Kd2 Bf7 54. Nd1 Be8 55.
Nc3 Bd7 56. Bc2 Bc8 57. Bd3 Bd7 58. Be3 Kb7 59. Bc2 Be8 60. Bf2 Ka6 61. Bd3 Kb7
62. Bc2 Ka6 63. Nxa4 bxa4 64. Bxa4 Nb7 65. Kc3 Bd8 66. Bc2 Ka7 67. Bd3 Bc7 68.
Kb3 Bd8 69. Be1 Bd7 70. a4 Be8 71. b5 Na5+ 72. Kb4 Nb7 73. b6+ Bxb6 74. cxb6+
Kxb6 75. Kb3 Bd7 76. Bb4 Be8 77. Kc3 Bd7 78. Be7 Be8 79. Kb4 Bd7 80. a5+ Ka7 81.
a6 Be8 82. axb7 Kxb7 83. Kc5 Kc7 84. Ba6 1-0

[Event "World Senior 65+ 2014"]
[Site "Katerini GRE"]
[Date "2014.11.02"]
[Round "9.25"]
[White "Marcovici, Adrian"]
[Black "Nickl, Klaus"]
[Result "1/2-1/2"]
[WhiteElo "2042"]
[BlackElo "2113"]
[WhiteFideId "2801175"]
[BlackFideId "1601024"]
[EventDate "2014.10.24"]

1. e4 e6 2. d4 d5 3. Nd2 dxe4 4. Nxe4 Qd5 5. Nc3 Bb4 6. Nf3 Nf6 7. Bd2 Bxc3 8.
bxc3 O-O 9. Bd3 b6 10. c4 Qh5 11. Ne5 Qxd1+ 12. Rxd1 Bb7 13. O-O Nc6 14. Nxc6
Bxc6 15. Bf4 Rfc8 16. Rfe1 Bb7 17. Bg5 c6 18. Re3 h6 19. Bxf6 gxf6 20. g4 Rc7
21. Be4 Rd8 22. Ra3 1/2-1/2

[Event "World Senior 65+ 2014"]
[Site "Katerini GRE"]
[Date "2014.11.02"]
[Round "9.26"]
[White "Kratschmer, Heinz"]
[Black "Carlsten, Peter"]
[Result "1/2-1/2"]
[WhiteElo "2109"]
[BlackElo "2031"]
[WhiteFideId "1606670"]
[BlackFideId "1705067"]
[EventDate "2014.10.24"]

1. d4 d6 2. e4 Nf6 3. Nc3 e5 4. Nf3 Nbd7 5. Bc4 Be7 6. O-O O-O 7. Re1 c6 8. a4
b6 9. d5 Bb7 10. h3 Rc8 11. Re2 cxd5 12. Bxd5 Nxd5 13. Nxd5 Bxd5 14. Qxd5 Rc5
15. Qd1 Qc7 16. b3 Rc8 17. c4 a6 18. Ne1 Qb7 19. Nd3 R5c7 20. Nb4 Nf6 21. f3 h6
22. Be3 Bf8 23. Rd2 Ra8 24. Nd5 Nxd5 25. Rxd5 Rc6 26. Qd2 Rb8 27. Qf2 Qc8 28.
Rad1 f5 29. exf5 Qxf5 30. f4 Qe6 31. Qg3 Re8 32. Rf1 exf4 33. Bxf4 Rc5 34. Rdd1
Re5 35. Bxe5 dxe5 36. Qg4 Qxg4 37. hxg4 Bc5+ 38. Kh2 e4 39. Rfe1 e3 40. Re2 Kf7
41. Kg3 a5 42. Rd5 Re6 43. Kf3 Ke7 44. Rxc5 bxc5 45. Rxe3 Rxe3+ 46. Kxe3 Ke6 47.
Ke4 g6 48. Kf4 Kd6 1/2-1/2

[Event "World Senior 65+ 2014"]
[Site "Katerini GRE"]
[Date "2014.11.02"]
[Round "9.27"]
[White "Blaushtain, Boris"]
[Black "Reuben, Stewart"]
[Result "1/2-1/2"]
[BlackTitle "CM"]
[WhiteElo "2018"]
[BlackElo "2089"]
[WhiteFideId "2804638"]
[BlackFideId "405256"]
[EventDate "2014.10.24"]

1. c4 c5 2. Nc3 Nc6 3. g3 g6 4. Bg2 Bg7 5. d3 e6 6. e4 Nge7 7. Nge2 O-O 8. Be3
Nd4 9. O-O Nec6 10. Qd2 Qa5 11. Rab1 d6 12. a3 Bd7 13. Bf4 Ne5 14. Bxe5 Bxe5 15.
Rfd1 Rab8 16. Nxd4 1/2-1/2

[Event "World Senior 65+ 2014"]
[Site "Katerini GRE"]
[Date "2014.11.02"]
[Round "9.28"]
[White "Chirinos Cabrera, Cleren Jesus"]
[Black "Zhelesny, Stanislav"]
[Result "0-1"]
[WhiteTitle "CM"]
[BlackTitle "FM"]
[WhiteElo "2009"]
[BlackElo "2083"]
[WhiteFideId "3900150"]
[BlackFideId "4115244"]
[EventDate "2014.10.24"]

1. Nf3 Nf6 2. d3 d5 3. c3 g6 4. Nbd2 Bg7 5. Qc2 O-O 6. e4 c5 7. Be2 Nc6 8. h3 e5
9. g4 b6 10. Nf1 Bb7 11. Ng3 c4 12. g5 cxd3 13. Bxd3 dxe4 14. Nxe4 Nd5 15. Qe2
Re8 16. h4 Rc8 17. Bd2 Nf4 18. Bxf4 exf4 19. O-O Qd7 20. Kh2 Rcd8 21. Bc2 Qg4
22. Rg1 Qh5 23. Rge1 Ne5 24. Nxe5 Qxh4+ 25. Kg1 Rxe5 26. Qc4 Rxg5+ 27. Kf1 Qh3+
28. Ke2 f3+ 0-1

[Event "World Senior 65+ 2014"]
[Site "Katerini GRE"]
[Date "2014.11.02"]
[Round "9.29"]
[White "Meizlin, Yaacov"]
[Black "Lukovski, Lev"]
[Result "1-0"]
[WhiteElo "2105"]
[BlackElo "1917"]
[WhiteFideId "2812185"]
[BlackFideId "4634837"]
[EventDate "2014.10.24"]

1. e4 c5 2. d4 cxd4 3. c3 d3 4. c4 d6 5. Nc3 g6 6. Bxd3 Bg7 7. Nge2 Nc6 8. O-O
Ne5 9. Be3 Nxd3 10. Qxd3 Nf6 11. Rad1 Bd7 12. h3 O-O 13. c5 Bc6 14. cxd6 Qxd6
15. Qxd6 exd6 16. f3 Rfd8 17. Rd2 b5 18. Nd4 b4 19. Nxc6 bxc3 20. bxc3 Rd7 21.
Rfd1 Ne8 22. Bd4 Bh6 23. Rd3 a5 24. Rb1 Rc7 25. Rb6 Kf8 26. a4 Bf4 27. Kf2 f6
28. g3 Be5 29. c4 Kf7 30. Be3 f5 31. exf5 gxf5 32. f4 Bg7 33. Rd5 Kg6 34. g4
fxg4 35. hxg4 h6 36. Kf3 Kf7 37. Bd2 Ke6 38. Rxa5 Rac8 39. Raa6 Kd7 40. Nb8+ Kd8
41. Ba5 Ke7 42. Nc6+ Kd7 43. Na7 Ra8 44. Nb5 Rxa6 45. Rxa6 Rxc4 46. Bd2 Rc2 47.
Be3 Rb2 48. Nd4 Ra2 49. Ra7+ Kc8 50. Re7 Bxd4 51. Bxd4 Nc7 52. Bg7 Ra3+ 53. Re3
Rxa4 54. Bxh6 Kd7 55. f5 Nd5 56. Rd3 Nf6 57. Bf4 Ne8 58. g5 Ke7 59. Re3+ Kf7 60.
g6+ Kf6 61. Rxe8 Kxf5 62. g7 1-0

[Event "World Senior 65+ 2014"]
[Site "Katerini GRE"]
[Date "2014.11.02"]
[Round "9.30"]
[White "Yakovlev, Yuri S."]
[Black "Kiselev, Alexander"]
[Result "0-1"]
[WhiteElo "1992"]
[BlackElo "2122"]
[WhiteFideId "4173929"]
[BlackFideId "14105900"]
[EventDate "2014.10.24"]

1. e4 e5 2. Nf3 Nc6 3. Bc4 Nf6 4. d4 exd4 5. e5 d5 6. Bb5 Ne4 7. Nxd4 Bc5 8. O-O
Bd7 9. Bxc6 bxc6 10. Be3 Qe7 11. Re1 O-O 12. f3 Ng5 13. Qd2 f6 14. exf6 Qxf6 15.
c3 Rae8 16. Na3 Nf7 17. b4 Bd6 18. Ne2 Qh4 19. f4 Nh6 20. Bf2 Qh5 21. Bg3 Re4
22. Nc2 Nf5 23. Ncd4 Nxd4 24. Nxd4 Bxf4 25. Bxf4 Rfxf4 26. Rxe4 Rxe4 27. Rf1 Qe5
28. Qf2 Qe7 29. Nf5 Bxf5 30. Qxf5 Re1 31. Qc8+ Qe8 32. Qxe8+ Rxe8 33. Rc1 Re4
34. Kf2 Kf7 35. Rd1 Ke6 36. Rd4 Ke5 37. Rd3 a5 38. a3 a4 39. Rh3 h6 40. Rf3 Rf4
41. Ke3 Rxf3+ 42. gxf3 g5 43. Ke2 Kd6 44. Kd3 c5 45. b5 c4+ 46. Kd4 c5+ 47. Ke3
Ke5 48. b6 d4+ 49. Kd2 Kd6 0-1

[Event "World Senior 65+ 2014"]
[Site "Katerini GRE"]
[Date "2014.11.02"]
[Round "9.31"]
[White "Acosta, Mariano USA"]
[Black "Davydov, Mihail"]
[Result "1/2-1/2"]
[WhiteElo "1942"]
[BlackElo "2076"]
[WhiteFideId "2008629"]
[BlackFideId "4679962"]
[EventDate "2014.10.24"]

1. d4 Nf6 2. c4 g6 3. Nc3 d5 4. Bg5 Ne4 5. Bh4 Nxc3 6. bxc3 c6 7. e3 Bg7 8. Nf3
O-O 9. Qb3 dxc4 10. Bxc4 b5 11. Be2 Be6 12. Qa3 f6 13. O-O Nd7 14. Bg3 Nb6 15.
Nd2 Bf7 16. Bf3 Qd7 17. Rfd1 Rfd8 18. Ne4 Na4 19. Nc5 Nxc5 20. Qxc5 Rac8 21. a4 1/2-1/2

[Event "World Senior 65+ 2014"]
[Site "Katerini GRE"]
[Date "2014.11.02"]
[Round "9.33"]
[White "Korenevski, Oleg"]
[Black "Urbanc, Vinko"]
[Result "0-1"]
[WhiteElo "1915"]
[BlackElo "1849"]
[WhiteFideId "3206386"]
[BlackFideId "14607425"]
[EventDate "2014.10.24"]

1. e4 c5 2. a3 Nc6 3. b4 e6 4. b5 Ne5 5. f4 Ng6 6. Qf3 Qf6 7. e5 Qxf4 8. Qxf4
Nxf4 9. d4 Ng6 10. Be3 cxd4 11. Bxd4 N8e7 12. Nf3 Nf5 13. Bf2 Be7 14. Bd3 Nfh4
15. Nxh4 Nxh4 16. O-O O-O 17. Nc3 Ng6 18. Rae1 d5 19. a4 Bb4 20. Bd4 b6 21. Re3
Bc5 22. Ne2 a6 23. Bxc5 bxc5 24. Bxg6 hxg6 25. b6 Bb7 26. a5 Rac8 27. Ra3 Rfd8
28. Rd1 d4 29. c4 g5 30. Nc1 f5 31. Nd3 Kf7 32. Rd2 Rh8 33. g3 Ke7 34. Ra1 Rh6
35. Re1 g4 36. Rb2 g5 37. Rf1 Kd7 38. Rff2 Kc6 39. Kf1 Rh3 40. Rbd2 Kd7 41.
Nxc5+ Rxc5 42. Rxd4+ Ke7 43. Rfd2 Bc6 44. Rd8 Rxc4 45. b7 Rc1+ 46. Kf2 Rxh2+ 47.
Ke3 Rc3+ 48. R2d3 Rxd3+ 49. Kxd3 Bxb7 50. Rg8 Rb2 51. Rg7+ Kd8 52. Kc3 Rb5 53.
Rxg5 Rxa5 54. Rg8+ Kc7 55. Rg7+ Kb6 0-1

[Event "World Senior 65+ 2014"]
[Site "Katerini GRE"]
[Date "2014.11.02"]
[Round "9.34"]
[White "Kayaman, Metin"]
[Black "Susanto, Budhi"]
[Result "1-0"]
[WhiteElo "1878"]
[BlackElo "1724"]
[WhiteFideId "6301185"]
[BlackFideId "7104979"]
[EventDate "2014.10.24"]

1. d4 Nf6 2. c4 g6 3. Nc3 Bg7 4. Nf3 O-O 5. g3 d6 6. Bg2 c6 7. O-O Bg4 8. h3 Bd7
9. Kh2 Na6 10. e4 h6 11. Re1 Kh7 12. e5 Ne8 13. Ne4 d5 14. cxd5 cxd5 15. Nc3 e6
16. Bf1 Nac7 17. b3 b5 18. Ba3 Rg8 19. Bc5 a5 20. Bd3 b4 21. Ne2 Bb5 22. Nf4 Qd7
23. Rc1 Bxd3 24. Qxd3 Nb5 25. Ne2 Rb8 26. Kg2 Nec7 27. h4 Kh8 28. Rh1 Na6 29.
Bd6 Nxd6 30. Qxa6 Ne4 31. Qc6 Qa7 32. Ng5 Nxg5 33. hxg5 h5 34. g4 Qe7 35. f4
Rgc8 36. Qxc8+ Rxc8 37. Rxc8+ Kh7 38. gxh5 gxh5 39. Rxh5+ Kg6 40. Rh1 Qb7 41.
Rc2 Qb5 42. Rd1 Bf8 43. Kf3 a4 44. Rc8 axb3 45. axb3 Kg7 46. Ke3 Qa6 47. Rc7 Qa2
48. Rd3 Qb2 49. Kf2 Qb1 50. Rh3 Qf5 51. Rh6 Qg4 52. Rf6 Kh8 53. Rcxf7 Bg7 54.
Rg6 Qh3 55. f5 Qh2+ 56. Kf1 Qh3+ 57. Ke1 Qd3 58. Rgxg7 exf5 59. Rh7+ Kg8 60.
Rfg7+ Kf8 61. Rc7 Kg8 62. g6 1-0

[Event "World Senior 65+ 2014"]
[Site "Katerini GRE"]
[Date "2014.11.02"]
[Round "9.35"]
[White "Hernandez M., Emilio Gustavo"]
[Black "Awawdeh, Fayez"]
[Result "0-1"]
[BlackTitle "FM"]
[WhiteElo "1801"]
[BlackElo "2012"]
[WhiteFideId "3901475"]
[BlackFideId "8100721"]
[EventDate "2014.10.24"]

1. Nf3 c5 2. g3 d5 3. c3 Nc6 4. d4 e6 5. Bg2 Nf6 6. Nbd2 h6 7. a3 a5 8. Qc2 Be7
9. O-O O-O 10. Re1 Re8 11. dxc5 Bxc5 12. Nb3 Bd6 13. Nbd4 a4 14. h3 Ra5 15. Be3
Ne7 16. Bf4 Qc7 17. Bxd6 Qxd6 18. Nd2 Bd7 19. Rad1 Rc8 20. e4 Qb6 21. Qb1 Ng6
22. e5 Ne8 23. h4 Nc7 24. Nc2 Na6 25. h5 Ne7 26. g4 Rac5 27. Ne4 Rb5 28. Nb4
Rbc5 29. Nxa6 Qxa6 30. Nxc5 Rxc5 0-1

[Event "World Senior 65+ 2014"]
[Site "Katerini GRE"]
[Date "2014.11.02"]
[Round "9.36"]
[White "Benson, Lachlan"]
[Black "Rave, Avraham"]
[Result "1-0"]
[WhiteElo "1998"]
[BlackElo "1838"]
[WhiteFideId "3205410"]
[BlackFideId "2805367"]
[EventDate "2014.10.24"]

1. e4 c5 2. Nf3 d6 3. d4 cxd4 4. Nxd4 Nf6 5. Nc3 Nc6 6. Be3 e6 7. f3 Be7 8. Qd2
O-O 9. O-O-O e5 10. Ndb5 Qa5 11. Kb1 Be6 12. Nd5 Qxd2 13. Nxe7+ Nxe7 14. Rxd2 b6
15. Nxd6 Rfd8 16. Be2 Nc6 17. Rhd1 Kf8 18. Bb5 Nd4 19. Bxd4 exd4 20. Rxd4 g6 21.
Bc6 Rab8 22. e5 Ng8 23. Nb5 Rxd4 24. Rxd4 a6 25. Nc7 Ke7 26. Nxa6 Rc8 27. Bb5 g5
28. Nb4 Rc5 29. a4 Kf8 30. Nc6 Ne7 31. Rd8+ Kg7 32. Nxe7 Rxe5 33. b3 Kf6 34. Nc6
Rc5 35. Nd4 Ke7 36. Nxe6 Kxe6 37. Rb8 f6 38. Rxb6+ Ke5 39. a5 1-0

[Event "World Senior 65+ 2014"]
[Site "Katerini GRE"]
[Date "2014.11.02"]
[Round "9.37"]
[White "Ben-Zeev, Moshe"]
[Black "Zurel, Maxim"]
[Result "1-0"]
[WhiteElo "1963"]
[BlackElo "1725"]
[WhiteFideId "2807203"]
[BlackFideId "816710"]
[EventDate "2014.10.24"]

1. c4 e5 2. Nc3 Nf6 3. d3 Be7 4. g3 O-O 5. Bg2 c6 6. Nf3 d6 7. O-O Nbd7 8. Bg5
Nh5 9. Bxe7 Qxe7 10. e3 g6 11. b4 h6 12. Qc2 f5 13. b5 Ng7 14. bxc6 bxc6 15. Nh4
Qe8 16. Bxc6 Rb8 17. Qa4 g5 18. Ng2 a6 19. Rab1 Rxb1 20. Rxb1 Qd8 21. Bxd7 Qxd7
22. Qxd7 Bxd7 23. Rb6 Ne8 24. Rxa6 Kf7 25. a4 Ke7 26. Nd5+ Ke6 27. a5 Ng7 28.
Rb6 Rc8 29. Rb7 Ne8 30. a6 Rc5 31. Ne1 e4 32. Kg2 Ra5 33. dxe4 fxe4 34. Nc2 Rxa6
35. Nd4+ Ke5 36. Rxd7 1-0